Vplyv sklo-sľudovej bariéry na dielektrické vlastnosti izolácie žíl káblov s funkčnou odolnosťou pri požiari

Saved in:
Bibliographic Details
Main Author: Černiansky, Peter (Author)
Other Authors: Packa, Juraj (Thesis advisor)
Format: Manuscript Book
Language:Slovak
Published: Bratislava : STU v Bratislave FEI, 2025
Subjects:
Online Access:https://opac.crzp.sk/?fn=detailBiblioFormChildO11M7TB&sid=BA75C2D62745AD5726E8929ED92F&seo=CRZP-detail-kniha
Tags: Add Tag
No Tags, Be the first to tag this record!

MARC

LEADER 00000ntm a22000003a 4500
001 stuzp102130
003 SK-STU
005 20260203092845.3
007 ta
008 150427s2015----xo-----f-mn---000-0-slo-d
040 |a STU  |b slo 
041 0 |a slo 
044 |a xo 
100 1 |a Černiansky, Peter  |u 032000  |4 aut  |U FEI Fakulta elektrotechniky a informatiky  |T FEI Ústav elektroenergetiky a aplikovanej elektrotechniky  |X 120661  |U E020  |Y 548  |7 120661 
242 0 1 |a Influence of Glass-Mica Barrier on Dielectric Properties of Core Insulation with Defined Fire Performance  |y eng 
245 1 0 |a Vplyv sklo-sľudovej bariéry na dielektrické vlastnosti izolácie žíl káblov s funkčnou odolnosťou pri požiari 
260 |a Bratislava :  |b STU v Bratislave FEI,  |c 2025 
300 |a 53 s. 
650 4 |a káble  |2 slo 
650 4 |a ohňovzdorné káble  |2 slo 
650 4 |a dielektrické vlastnosti  |2 slo 
650 4 |a sklo-sľudová bariéra  |2 slo 
650 4 |a glass-mica barrier  |2 eng 
650 4 |a cables  |2 eng 
650 4 |a fire resistant cables  |2 eng 
650 4 |a dielectric properties  |2 eng 
700 1 |a Packa, Juraj  |u 032000  |k Z1  |4 ths  |U FEI Fakulta elektrotechniky a informatiky  |T FEI Ústav elektroenergetiky a aplikovanej elektrotechniky  |X 1923  |U E020  |Y 548  |7 A000001923 
856 4 |u https://opac.crzp.sk/?fn=detailBiblioFormChildO11M7TB&sid=BA75C2D62745AD5726E8929ED92F&seo=CRZP-detail-kniha